000 00684nam a2200229Ia 4500
005 20250701164509.0
008 008 250505s9999 xx 000 0 eng d
020 _a9780367651855
037 _aTextual
040 _aEASL
_beng
_cEASL
041 _aeng
_2eng
084 _aV41:2(z)g, R3
_qEASL
100 _aBui Ngoc Son Ed.
_9815052
245 0 _aRoutedge Handbook of Constitutional Law in Greater China
260 _aUK
_bLondon Routledge Taylor And Francis Group Yew York
_c2023
300 _a391pg
365 _aUK
_b20170 rps
650 _aCEL
700 _aHargreaves Stuart Ed.
_9815053
942 _cTEXL
_hV41:2(z)g, R3
999 _c1433279
_d1433279